[Event "Brcko Velemajstor CC 1st"]
[Site "Brcko"]
[Date "2023.03.30"]
[Round "8"]
[White "Lazarev, Vladimir"]
[Black "Aleksic, Neven"]
[Result "1-0"]
[WhiteElo "2479"]
[BlackElo "2117"]
[PlyCount "63"]
[EventDate "2023.03.26"]
[EventType "tourn"]
[EventRounds "9"]
[EventCountry "BIH"]
[SourceTitle "CBM 213 Extra"]
[Source "ChessBase"]
[SourceDate "2023.05.31"]
[SourceVersion "1"]
[SourceVersionDate "2023.05.31"]
[SourceQuality "1"]

1. d4 Nf6 2. c4 e6 3. Nc3 Bb4 4. Qc2 d5 5. a3 Bxc3+ 6. Qxc3 Ne4 7. Qc2 c5 8. dxc5 Nc6 9. e3 Qa5+ 10. Bd2 Nxd2 11. Qxd2 Qxc5 12. cxd5 Qxd5 13. Qc3 0-0 14. Nf3 Qh5 15. Be2 e5 16. 0-0 a6 17. Rfd1 f6 18. Qc5 Qe8 19. Rd6 Kh8 20. Nd2 Bf5 21. Nc4 Rc8 22. Nb6 Nd4 23. Nxc8 Nb3 24. Qc7 Nxa1 25. Ne7 Be4 26. f3 Bc2 27. Qxb7 Nb3 28. Qc7 Bg6 29. Bxa6 Bf7 30. Nc6 Qa8 31. Bb7 Qa4 32. Qxf7 1-0

[Event "Arandjelovac op 1st"]
[Site "Arandjelovac"]
[Date "2023.03.17"]
[Round "4"]
[White "Alexakis, Dimitrios"]
[Black "Aleksic, Neven"]
[Result "1/2-1/2"]
[WhiteElo "2024"]
[BlackElo "2164"]
[PlyCount "62"]
[EventDate "2023.03.15"]
[EventType "swiss"]
[EventRounds "9"]
[EventCountry "SRB"]
[SourceTitle "CBM 213 Extra"]
[Source "ChessBase"]
[SourceDate "2023.05.31"]
[SourceVersion "1"]
[SourceVersionDate "2023.05.31"]
[SourceQuality "1"]

1. e4 e5 2. Nf3 Nc6 3. d4 exd4 4. Nxd4 Nf6 5. Nc3 Bb4 6. Nxc6 bxc6 7. Bd3 d5 8. exd5 cxd5 9. 0-0 0-0 10. Bg5 c6 11. Ne2 Bg4 12. h3 Bh5 13. c3 Be7 14. Qc2 Bg6 15. Nd4 Qd6 16. Rae1 Bd8 17. f4 Bxd3 18. Qxd3 Ne4 19. Bxd8 Raxd8 20. Nf5 Qd7 21. g4 Rfe8 22. Qd4 f6 23. c4 Qf7 24. cxd5 Rxd5 25. Qa4 Nd2 26. Rxe8+ Qxe8 27. Rf2 Qe1+ 28. Kg2 Ne4 29. Qxa7 Rxf5 30. gxf5 Nxf2 31. Qxf2 Qe4+ 1/2-1/2

[Event "Belgrade Serbia op"]
[Site "Belgrade"]
[Date "2021.07.07"]
[Round "8"]
[White "Aleksic, Neven"]
[Black "Tyurin, Artem"]
[Result "0-1"]
[WhiteElo "2213"]
[BlackElo "2106"]
[PlyCount "76"]
[EventDate "2021.07.02"]
[EventType "swiss"]
[EventRounds "9"]
[EventCountry "SRB"]
[SourceTitle "EXT 2022"]
[Source "ChessBase"]
[SourceDate "2021.10.06"]
[SourceVersion "1"]
[SourceVersionDate "2021.10.06"]
[SourceQuality "1"]

1. d4 Nf6 2. c4 e6 3. Nf3 d5 4. Nc3 Bb4 5. Bg5 dxc4 6. g3 c6 7. Bg2 b5 8. Ne5 Bb7 9. 0-0 a6 10. a4 h6 11. Bxf6 gxf6 12. Nf3 Nd7 13. Nh4 Qb6 14. e3 Be7 15. axb5 cxb5 16. Bxb7 Qxb7 17. d5 0-0-0 18. Qh5 Rhf8 19. dxe6 fxe6 20. Ng6 Rfe8 21. Qxh6 Bb4 22. Rfd1 Rg8 23. Qh7 Rge8 24. Ne4 Qc6 25. f3 f5 26. Ng5 Bc5 27. Kg2 Nf6 28. Qf7 Nd5 29. Ne5 Qd6 30. Rxd5 Qxd5 31. Ng6 a5 32. Nf4 Qd2+ 33. Kh1 Qxb2 34. Rf1 Re7 35. Qg6 Rd2 36. Qh5 Bxe3 37. Ngxe6 Bxf4 38. Nxf4 Qf6 0-1

[Event "Belgrade Serbia op"]
[Site "Belgrade"]
[Date "2021.07.03"]
[Round "3"]
[White "Maerevoet, Sim"]
[Black "Aleksic, Neven"]
[Result "1-0"]
[WhiteElo "2384"]
[BlackElo "2213"]
[PlyCount "61"]
[EventDate "2021.07.02"]
[EventType "swiss"]
[EventRounds "9"]
[EventCountry "SRB"]
[SourceTitle "CBM 203 Extra"]
[Source "ChessBase"]
[SourceDate "2021.09.30"]
[SourceVersion "1"]
[SourceVersionDate "2021.09.30"]
[SourceQuality "1"]

1. d4 Nf6 2. c4 e6 3. Nf3 d5 4. Nc3 Be7 5. Bf4 0-0 6. e3 b6 7. Bd3 Bb7 8. cxd5 exd5 9. Ne5 c5 10. Qf3 Nc6 11. 0-0 cxd4 12. Nxc6 Bxc6 13. exd4 Re8 14. Nb5 Rf8 15. Rfc1 Qd7 16. Nc7 Rad8 17. Rc2 Ne4 18. Rac1 Bb7 19. Nb5 Ba6 20. Rc7 Qe6 21. Rxa7 Bxb5 22. Bxb5 Bf6 23. Rc6 Bxd4 24. Rxe6 fxe6 25. Qg4 Bxf2+ 26. Kh1 Bd4 27. Qxe6+ Kh8 28. g3 Bxb2 29. Be5 Bxe5 30. Qxe5 Nf6 31. Qg5 1-0

[Event "Novi Sad TS Mix 158th"]
[Site "Novi Sad"]
[Date "2021.02.21"]
[Round "2"]
[White "Isha, Sharma"]
[Black "Aleksic, Neven"]
[Result "1/2-1/2"]
[WhiteElo "2276"]
[BlackElo "2201"]
[PlyCount "68"]
[EventDate "2021.02.21"]
[EventType "swiss"]
[EventRounds "10"]
[EventCountry "SRB"]
[SourceTitle "CBM 200 Extra"]
[Source "ChessBase"]
[SourceDate "2021.03.31"]
[SourceVersion "1"]
[SourceVersionDate "2021.03.31"]
[SourceQuality "1"]

1. e4 e5 2. Nf3 Nc6 3. Bc4 Bc5 4. c3 Nf6 5. d3 d6 6. Nbd2 a6 7. Bb3 Ba7 8. Nf1 d5 9. Qe2 d4 10. Ng3 h6 11. 0-0 Qd6 12. h3 Be6 13. Bxe6 fxe6 14. c4 Bc5 15. a3 a5 16. b3 Qe7 17. Ne1 Bd6 18. Nc2 0-0 19. Bd2 b6 20. Rfb1 Rfb8 21. a4 Rf8 22. Qe1 Nd7 23. Ne2 Bb4 24. Nxb4 Nxb4 25. Bxb4 Qxb4 26. Qd1 Rf7 27. Ra2 Raf8 28. Nc1 Qe7 29. Qg4 Rf4 30. Qg3 Qb4 31. f3 Qc3 32. Qf2 Nc5 33. Qd2 Qxd2 34. Rxd2 g5 1/2-1/2

[Event "Paracin Summer op"]
[Site "Paracin"]
[Date "2020.07.04"]
[Round "3"]
[White "Popovic, Mladen D"]
[Black "Aleksic, Neven"]
[Result "0-1"]
[WhiteElo "1906"]
[BlackElo "2169"]
[PlyCount "48"]
[EventDate "2020.07.03"]
[EventType "swiss"]
[EventRounds "9"]
[EventCountry "SRB"]
[SourceTitle "CBM 197 Extra"]
[Source "ChessBase"]
[SourceDate "2020.09.30"]
[SourceVersion "1"]
[SourceVersionDate "2020.09.30"]
[SourceQuality "1"]

1. e4 d5 2. exd5 Qxd5 3. Nc3 Qa5 4. d4 c6 5. Nf3 Nf6 6. Bc4 Bf5 7. Bd2 e6 8. Nd5 Qd8 9. Nxf6+ gxf6 10. Bf4 Bd6 11. Bxd6 Qxd6 12. Qd2 Nd7 13. 0-0-0 0-0-0 14. Nh4 Bg6 15. h3 f5 16. Kb1 Nf6 17. Qa5 Kb8 18. Rd3 f4 19. Nxg6 hxg6 20. Rhd1 Rh5 21. d5 cxd5 22. f3 Qc7 23. Qa4 Nd7 24. Bb5 Nc5 0-1

[Event "Lukavac op 8th"]
[Site "Lukavac"]
[Date "2019.11.24"]
[Round "5"]
[White "Aleksic, Neven"]
[Black "Savic, Petar A"]
[Result "1-0"]
[WhiteElo "2182"]
[BlackElo "2099"]
[PlyCount "111"]
[EventDate "2019.11.22"]
[EventType "swiss"]
[EventRounds "7"]
[EventCountry "BIH"]
[SourceTitle "CBM 193 Extra"]
[Source "ChessBase"]
[SourceDate "2020.01.31"]
[SourceVersion "1"]
[SourceVersionDate "2020.01.31"]
[SourceQuality "1"]

1. d4 Nf6 2. c4 d6 3. Nc3 Nbd7 4. e4 e5 5. Nf3 Be7 6. Be2 c6 7. 0-0 0-0 8. Bg5 Re8 9. Qd2 Qc7 10. Rfd1 Nf8 11. d5 c5 12. a3 h6 13. Bh4 Ng6 14. Bg3 Bf8 15. Ne1 a6 16. Rab1 Bd7 17. b4 b6 18. Rdc1 Reb8 19. f3 Nh5 20. Bf2 Nhf4 21. Bf1 Qd8 22. Be3 Be7 23. Rb2 a5 24. bxc5 bxc5 25. Rcb1 Rxb2 26. Qxb2 f5 27. g3 Nh5 28. Qb6 Qf8 29. Qc7 Nf6 30. Bd3 f4 31. Bf2 Rc8 32. Qa7 Ra8 33. Qb7 fxg3 34. hxg3 Re8 35. Bc2 h5 36. Ne2 Qf7 37. Qc7 a4 38. Ng2 Rf8 39. Ne3 h4 40. Nf5 hxg3 41. Bxg3 Bxf5 42. exf5 Nf4 43. Bxf4 exf4 44. Nxf4 Ne8 45. Qa7 Bg5 46. Qxf7+ Rxf7 47. Ng6 Be3+ 48. Kg2 Rd7 49. Re1 Rb7 50. Rxe3 Nf6 51. Bxa4 Kf7 52. Rb3 Ra7 53. Bc6 Nh5 54. Rb7+ Rxb7 55. Bxb7 Kf6 56. Bc8 1-0

[Event "SRB-chT 2nd League East"]
[Site "Knic"]
[Date "2019.09.08"]
[Round "5.4"]
[White "Aleksic, Neven"]
[Black "Peycheva, Gergana"]
[Result "1/2-1/2"]
[WhiteElo "2161"]
[BlackElo "2246"]
[PlyCount "36"]
[EventDate "2019.09.06"]
[EventType "team-tourn"]
[EventRounds "11"]
[EventCountry "SRB"]
[SourceTitle "EXT 2020"]
[Source "ChessBase"]
[SourceDate "2019.10.17"]
[SourceVersion "1"]
[SourceVersionDate "2019.10.17"]
[SourceQuality "1"]
[WhiteTeam "Pozarevac"]
[BlackTeam "Paracin"]
[WhiteTeamCountry "SRB"]
[BlackTeamCountry "SRB"]

1. d4 Nf6 2. c4 e6 3. Nf3 d5 4. cxd5 exd5 5. Nc3 c6 6. Bg5 Be7 7. Qc2 Nbd7 8. e3 Nf8 9. Bd3 Ne6 10. Bh4 g6 11. 0-0 0-0 12. Rab1 a5 13. a3 Ng7 14. b4 axb4 15. axb4 Bf5 16. Bxf6 Bxf6 17. Bxf5 Nxf5 18. b5 Rc8 1/2-1/2

[Event "Veliko Gradiste Silver Lake op"]
[Site "Veliko Gradiste"]
[Date "2019.06.21"]
[Round "7"]
[White "Markidis, Konstantinos"]
[Black "Aleksic, Neven"]
[Result "1-0"]
[WhiteElo "2247"]
[BlackElo "2175"]
[PlyCount "87"]
[EventDate "2019.06.16"]
[EventType "swiss"]
[EventRounds "9"]
[EventCountry "SRB"]
[SourceTitle "CBM 191 Extra"]
[Source "ChessBase"]
[SourceDate "2019.09.30"]
[SourceVersion "1"]
[SourceVersionDate "2019.09.30"]
[SourceQuality "1"]

1. e4 e5 2. Nf3 Nc6 3. Bb5 a6 4. Ba4 Nf6 5. 0-0 Be7 6. Re1 b5 7. Bb3 d6 8. c3 0-0 9. d4 Bg4 10. Be3 Bh5 11. Nbd2 d5 12. Qc1 exd4 13. cxd4 Nb4 14. e5 Ne4 15. a3 Nd3 16. Qc6 Nxd2 17. Nxd2 Nxe1 18. Rxe1 Kh8 19. Bxd5 Rb8 20. Rc1 f5 21. f3 g5 22. Bb3 f4 23. Bf2 g4 24. fxg4 Bxg4 25. h3 Bh5 26. Nf3 Bxf3 27. Qxf3 Rb6 28. Bc2 Bh4 29. Bxh4 Qxh4 30. Be4 Qd8 31. d5 Rh6 32. Qc3 Rf7 33. e6+ Rg7 34. Qe5 f3 35. Bxf3 Rhg6 36. Re1 Qe7 37. b4 Rg5 38. Qf4 R5g6 39. Re5 c6 40. Rf5 cxd5 41. Bxd5 h6 42. Kh1 Rg8 43. Qe5+ Qg7 44. e7 1-0

[Event "Veliko Gradiste Silver Lake op"]
[Site "Veliko Gradiste"]
[Date "2019.06.20"]
[Round "6"]
[White "Aleksic, Neven"]
[Black "Pogan, Nikolas"]
[Result "1-0"]
[WhiteElo "2175"]
[BlackElo "2266"]
[PlyCount "61"]
[EventDate "2019.06.16"]
[EventType "swiss"]
[EventRounds "9"]
[EventCountry "SRB"]
[SourceTitle "CBM 191 Extra"]
[Source "ChessBase"]
[SourceDate "2019.09.30"]
[SourceVersion "1"]
[SourceVersionDate "2019.09.30"]
[SourceQuality "1"]

1. d4 Nf6 2. c4 e6 3. Nf3 Bb4+ 4. Bd2 Qe7 5. g3 Bxd2+ 6. Nbxd2 d6 7. Bg2 e5 8. 0-0 e4 9. Ng5 e3 10. Nde4 Nxe4 11. Nxe4 0-0 12. fxe3 f5 13. Nc3 Qxe3+ 14. Kh1 c6 15. Rf3 Qe7 16. e4 fxe4 17. Rxf8+ Qxf8 18. Nxe4 Bf5 19. Qh5 Bg6 20. Qg4 Bf5 21. Qf4 Bxe4 22. Qxe4 Na6 23. Qe6+ Qf7 24. Qxd6 Qxc4 25. d5 c5 26. Qe6+ Kh8 27. Re1 Rg8 28. d6 Qd4 29. Bd5 Rf8 30. Qf7 Qf6 31. Re8 1-0

[Event "Sarajevo Bosna op 49th"]
[Site "Sarajevo"]
[Date "2019.04.29"]
[Round "4"]
[White "Kjartansson, Gudmundur"]
[Black "Aleksic, Neven"]
[Result "1-0"]
[WhiteElo "2444"]
[BlackElo "2184"]
[PlyCount "45"]
[EventDate "2019.04.27"]
[EventType "swiss"]
[EventRounds "9"]
[EventCountry "BIH"]
[SourceTitle "CBM 190 Extra"]
[Source "ChessBase"]
[SourceDate "2019.07.15"]
[SourceVersion "1"]
[SourceVersionDate "2019.07.15"]
[SourceQuality "1"]

1. c4 Nf6 2. Nc3 e6 3. Nf3 Bb4 4. Qc2 Bxc3 5. Qxc3 0-0 6. d4 Ne4 7. Qc2 f5 8. g3 d6 9. Bg2 Nd7 10. 0-0 Rb8 11. b4 Qe7 12. Bb2 Ndf6 13. a4 Bd7 14. Ne1 b6 15. Nd3 a6 16. b5 c6 17. bxa6 Ra8 18. a5 Rxa6 19. axb6 Rxb6 20. f3 Ng5 21. c5 dxc5 22. Ba3 Rb5 23. Bxc5 1-0

[Event "Belgrade ChessAmateur op 5th"]
[Site "Belgrade"]
[Date "2019.01.06"]
[Round "4"]
[White "Maksimovic, Branimir"]
[Black "Aleksic, Neven"]
[Result "0-1"]
[WhiteElo "2314"]
[BlackElo "2164"]
[PlyCount "104"]
[EventDate "2019.01.04"]
[EventType "swiss"]
[EventRounds "9"]
[EventCountry "SRB"]
[SourceTitle "CBM 188 Extra"]
[Source "ChessBase"]
[SourceDate "2019.02.26"]
[SourceVersion "1"]
[SourceVersionDate "2019.02.26"]
[SourceQuality "1"]

1. Nc3 Nf6 2. Nf3 Nc6 3. d4 d5 4. Bf4 Bf5 5. e3 e6 6. Bb5 Bd6 7. Ne5 Bxe5 8. Bxe5 0-0 9. Bxc6 bxc6 10. Bxf6 Qxf6 11. 0-0 Qg6 12. Rc1 Rab8 13. b3 Qf6 14. Na4 e5 15. Qd2 exd4 16. exd4 Rfe8 17. Rfe1 h6 18. c3 Qd6 19. Nc5 Kf8 20. f3 f6 21. g3 h5 22. Kf2 h4 23. Rxe8+ Rxe8 24. Re1 hxg3+ 25. hxg3 Rxe1 26. Qxe1 Kf7 27. Qe2 Bc8 28. Qe3 g5 29. Qc1 Qf8 30. Qh1 Kg7 31. Qh5 Qe7 32. f4 Bf5 33. g4 Bg6 34. Qh2 Qd6 35. Kf3 Be4+ 36. Nxe4 dxe4+ 37. Kxe4 c5 38. d5 Qe7+ 39. Kf3 Qe1 40. fxg5 Qxc3+ 41. Kg2 Qd2+ 42. Kh3 Qxh2+ 43. Kxh2 fxg5 44. Kg3 Kf6 45. Kf3 Ke5 46. Ke3 Kxd5 47. Kd3 a6 48. a3 Ke5 49. Ke3 c4 50. bxc4 c5 51. Kd3 Kf4 52. a4 a5 0-1

[Event "Belgrade ChessAmateur op 5th"]
[Site "Belgrade"]
[Date "2019.01.05"]
[Round "3"]
[White "Aleksic, Neven"]
[Black "Olhovik, Andrei"]
[Result "0-1"]
[WhiteElo "2164"]
[BlackElo "2308"]
[PlyCount "44"]
[EventDate "2019.01.04"]
[EventType "swiss"]
[EventRounds "9"]
[EventCountry "SRB"]
[SourceTitle "CBM 188 Extra"]
[Source "ChessBase"]
[SourceDate "2019.02.26"]
[SourceVersion "1"]
[SourceVersionDate "2019.02.26"]
[SourceQuality "1"]

1. d4 Nf6 2. c4 e6 3. Nf3 c5 4. d5 b5 5. dxe6 fxe6 6. e3 bxc4 7. Bxc4 d5 8. Bb5+ Bd7 9. Bxd7+ Nbxd7 10. 0-0 Bd6 11. Nc3 0-0 12. h3 Ne5 13. Ng5 Qe7 14. f4 Ng6 15. e4 h6 16. Nxe6 Qxe6 17. e5 Nxe5 18. fxe5 Bxe5 19. Ne2 Ne4 20. Rxf8+ Rxf8 21. Rb1 Nf2 22. Qb3 Qd6 0-1

[Event "Belgrade ChessAmateur op 5th"]
[Site "Belgrade"]
[Date "2019.01.05"]
[Round "2"]
[White "Omorjan, Dejan"]
[Black "Aleksic, Neven"]
[Result "1/2-1/2"]
[WhiteElo "2284"]
[BlackElo "2164"]
[PlyCount "43"]
[EventDate "2019.01.04"]
[EventType "swiss"]
[EventRounds "9"]
[EventCountry "SRB"]
[SourceTitle "CBM 188 Extra"]
[Source "ChessBase"]
[SourceDate "2019.02.26"]
[SourceVersion "1"]
[SourceVersionDate "2019.02.26"]
[SourceQuality "1"]

1. Nf3 Nf6 2. c4 e6 3. Nc3 Bb4 4. Qb3 Bxc3 5. Qxc3 0-0 6. b3 d6 7. d3 b6 8. e3 Bb7 9. Be2 a5 10. Bb2 Nbd7 11. Rg1 e5 12. g4 Nc5 13. g5 Nfd7 14. d4 Ne4 15. Qc2 Qe7 16. Bd3 f5 17. 0-0-0 Nxf2 18. Qxf2 Bxf3 19. Qxf3 e4 20. Qg3 exd3 21. Rgf1 a4 22. b4 1/2-1/2

[Event "Belgrade ChessAmateur op 5th"]
[Site "Belgrade"]
[Date "2019.01.04"]
[Round "1"]
[White "Aleksic, Neven"]
[Black "Radovanovic, Dusan"]
[Result "1-0"]
[WhiteElo "2164"]
[BlackElo "2321"]
[PlyCount "89"]
[EventDate "2019.01.04"]
[EventType "swiss"]
[EventRounds "9"]
[EventCountry "SRB"]
[SourceTitle "CBM 188 Extra"]
[Source "ChessBase"]
[SourceDate "2019.02.26"]
[SourceVersion "1"]
[SourceVersionDate "2019.02.26"]
[SourceQuality "1"]

1. d4 Nf6 2. c4 e6 3. Nf3 b6 4. g3 Ba6 5. Nbd2 Bb4 6. Qc2 0-0 7. Bg2 d5 8. 0-0 c5 9. dxc5 Bxc5 10. a3 Nbd7 11. Qa4 Qc8 12. cxd5 exd5 13. b4 Bd6 14. Re1 Re8 15. Qd1 Bb7 16. Bb2 a5 17. Rc1 Qd8 18. Qb3 axb4 19. axb4 Bf8 20. Nd4 Ne5 21. Ra1 Qd6 22. Bc3 h5 23. Rxa8 Bxa8 24. Ra1 Ne4 25. Nxe4 dxe4 26. Nf5 Qc7 27. Ne3 h4 28. Rd1 hxg3 29. hxg3 Qc8 30. Nd5 Nc4 31. Nf4 b5 32. e3 Bc6 33. Bf1 Bd7 34. Bxc4 bxc4 35. Qb2 Bg4 36. Rd5 Rd8 37. Qd2 Rxd5 38. Qxd5 Bf3 39. Kh2 Qa6 40. Qg5 Qa2 41. Nh3 Qb1 42. g4 Qh1+ 43. Kg3 Bd6+ 44. Kh4 Bg2 45. Qxg7# 1-0